000 00442nam a22001577a 4500
005 20251108170059.0
008 250721s1986 xx 000 0 ara d
082 1 4 _aط/ق/ميخ
100 1 _aخوري، ميخائيل
245 1 0 _aمن أجل عينيها :
_bقصص أنسانية /
264 1 _aبيروت :
_bبيت الحكمة،
_c1986.
300 _a80ص
650 1 7 _aأدب الأطفال
942 _2ddc
_cBK
999 _c39241
_d39241